Quiz Cultura Generale - Quiz n°107 - Statistics

Statistiche generali
  • Questo quiz è stato fatto 81 volte
    80 dall'ultimo reset
  • Il punteggio medio è 10 su 15
Statistiche sulle risposte
Domanda Risposta % Corretto
Quano è stato l'ultimo anno bisestile? 2024
98%
Quanti tempi sono presenti nel congiuntivo della lingua italiana? 4
93%
Come si traduce il termine inglese "fridge"? Frigorifero
82%
Quanti sono gli stati che fanno parte dell'Unione Europea? 27
80%
Chi ha progettato la Cupola della Cattedrale di Firenze? Filippo Brunelleschi
80%
Qual è la capitale della Cina? Pechino
80%
Quale leader afroamericano fu ucciso a Memphis il 4 aprile 1968? Martin Luther King
73%
Qual è la formula magica utilizzata nella fiaba di Alì Babà e i quaranta ladroni? Apriti sesamo
72%
Qual è lo stato africano più popoloso? Nigeria
60%
Quale regione fu acquisita dall'Italia dopo la Terza guerra di Indipendenza? Veneto
53%
Come sono detti due angoli la cui somma è di 90°? Complementari
50%
Quale metallo viene unito al rame per ottenere il branzo? Stagno
43%
Come si chiamava il padre di Enea che fu portato in salvo da Troia dal figlio? Anchise
42%
Quale presidenti della Repubblica Italiana è stato eletto nel 1964? Giuseppe Saragat
42%
Com?è detta la dilatazione anomala e permanente della parete di un vaso sanguigno? Aneurisma
3%
Nessun quiz corrispondente trovato
Distribuzione punteggi
Percentuale di utenti per punteggio
Percentile per numero di risposta
I tuoi punteggi nel tempo
Non hai fatto questo quiz dall'ultimo reset